000 00486nam a2200169Ia 4500
003 GCL
008 140319s9999 xx 000 0 ara d
040 _aGCL /
_cGCL
082 0 4 _aف
_b923.1
_bى ا
100 1 _aيوسف السباعى
245 1 0 _aايام عبدالناصر: خواطر ومشاعر /
_cيوسف السباعى
300 _a456
490 _a100 قصة
_v0
650 0 4 _aرؤساء الجمهورية
650 0 4 _aجمال عبدالناصر
942 _2ddc
_cBK
999 _c43697
_d43697